Intermediate Business Grammar & Practice
A comprehensive and clear guide for those looking to improve their English grammar for use in the workplace.
Uloženo v:
| Hlavní autor: | |
|---|---|
| Médium: | Kniha |
| Jazyk: | Undetermined |
| Vydáno: |
Thành phố Hồ Chí Minh
Tổng hợp
2014
|
| Témata: | |
| Tagy: |
Přidat tag
Žádné tagy, Buďte první, kdo otaguje tento záznam!
|
| Thư viện lưu trữ: | Trung tâm Học liệu Trường Đại học Cần Thơ |
|---|
| LEADER | 00940nam a2200217Ia 4500 | ||
|---|---|---|---|
| 001 | CTU_202331 | ||
| 008 | 210402s9999 xx 000 0 und d | ||
| 020 | |c 218000 | ||
| 082 | |a 428.2402465 | ||
| 082 | |b B853 | ||
| 100 | |a Brieger, Nick | ||
| 245 | 0 | |a Intermediate Business Grammar & Practice | |
| 245 | 0 | |c Nick Brieger, Simon Sweeney | |
| 260 | |a Thành phố Hồ Chí Minh | ||
| 260 | |b Tổng hợp | ||
| 260 | |c 2014 | ||
| 520 | |a A comprehensive and clear guide for those looking to improve their English grammar for use in the workplace. | ||
| 650 | |a English language,Tiếng Anh,English language,Tiếng Anh,English language,Tiếng Anh | ||
| 650 | |x Business English,Tiếng Anh thương mại,Grammar,Ngữ pháp,Business English,Problems, exercises, etc.,Tiếng Anh thương mại,Câu hỏi, bài tập | ||
| 904 | |i Tuyến | ||
| 980 | |a Trung tâm Học liệu Trường Đại học Cần Thơ | ||